Click on the correct French translation - The House - Statistics

General Stats
  • This quiz has been taken 113 times
  • The average score is 16 of 21
Answer Stats
Hint Answer % Correct
Apartment Appartement
94%
Balcony Balcon
92%
Toilets Toilettes
92%
Garden Jardin
90%
House Maison
89%
Terrace Terrasse
89%
Stairs Escaliers
87%
Kitchen Cuisine
86%
Bedroom Chambre
85%
Dining room Salle à manger
85%
Office Bureau
82%
Bathroom Salle de bains
78%
Living room Salon
78%
Laundry room Buanderie
66%
Floor Etage
65%
Corridor Couloir
61%
Hall Entrée
61%
Cellar Cave
59%
Roof Toit
56%
Rent Location
44%
Attic Grenier
41%
No matching quizzes found
Score Distribution
Percent of People with Each Score
Percentile by Number Answered
Your Score History
You have not taken this quiz